| 000 | 00475nam a22001937a 4500 | ||
|---|---|---|---|
| 003 | MPLRDC | ||
| 005 | 20220104192035.0 | ||
| 008 | 210129b ||||| |||| 00| 0 eng d | ||
| 020 | _a978-986-6868-83-2 | ||
| 082 | _a427.1 LQB | ||
| 100 | _a梁琼白 | ||
| 245 |
_a1个人吃的幸福 _c |
||
| 250 | _a初版 | ||
| 260 |
_a台湾 _b膳书房文化事业有限公司 _c2011 |
||
| 300 | _b平 | ||
| 490 | _a高手系列: 75 | ||
| 650 | _a食谱 | ||
| 942 |
_cBK _o427.1 LQB |
||
| 999 |
_c64526 _d64516 |
||